000 00207nam a2200085 4500
001 1258711
005 20260324133717.0
245 _aCİNGO- BEN İNSAN DEĞİL MİYİM?
_cŞERMİN YAŞAR
260 _bDOĞAN ÇOCUK
999 _c1258711
_d1258711